Catalog

Record Details

Catalog Search



Klassiker der Theologie, Erster Band /  Von Irenäus bis Martin Luther, herausgegeben von Heinrich Fries und Georg Kretschmar. Cover Image Book Book

Klassiker der Theologie, Erster Band /  Von Irenäus bis Martin Luther, herausgegeben von Heinrich Fries und Georg Kretschmar.

Luther, Martin (Author). Fries, Heinrich (Added Author). Georg Kretschmar, Georg (Added Author).

Record details

  • ISBN: 3-406-08358-7
  • Physical Description: 462 s. cm
  • Publisher: München : Verlag C.H. Beck , 1981.

Available copies

  • 1 of 1 copy available at Common Catalog SPOK.

Holds

  • 0 current holds with 1 total copy.
Show Only Available Copies
Location Call Number / Copy Notes Barcode Shelving Location Status Due Date
ETS Library 230.092 424470017409 Volný výběr Available -

LDR nam a22 i 4500
00146058
003CZ-PrJAB
00520200317162559.0
007ta
008 s xr e 000 0 cze
020 . ‡a3-406-08358-7
040 . ‡aABG450 ‡bcze ‡erda
072 7. ‡2Konspekt
08214. ‡a230.092
1001 . ‡aLuther, Martin
24510. ‡aKlassiker der Theologie, Erster Band /  ‡bVon Irenäus bis Martin Luther, herausgegeben von Heinrich Fries und Georg Kretschmar.
264 1. ‡aMünchen : ‡bVerlag C.H. Beck , ‡c1981.
300 . ‡a462 s. ‡ccm
336 . ‡atext ‡btxt ‡2rdacontent
338 . ‡asvazek ‡bnc ‡2rdacarrier
7001 . ‡aFries, Heinrich
7001 . ‡aGeorg Kretschmar, Georg
910 . ‡aABG450
901 . ‡a46058 ‡b ‡c46058 ‡tbiblio

Additional Resources